|
|
|
|
| LEADER |
00000nab a2200000 a 4500 |
| 001 |
vtls008410202 |
| 003 |
SK-MaSNL |
| 005 |
20260304144514.0 |
| 008 |
250505c2005 xo mr|p||| |000 b|slo |
| 015 |
|
|
|a SNBRB2005/11
|
| 035 |
|
|
|a (uuid)ad43971c-e3eb-481b-9b47-8eca2726b081
|
| 035 |
|
|
|a urn:nbn:sk:snk-abd52i
|
| 035 |
|
|
|a (urnnbn)urn:nbn:sk:snk:ar-007fk1
|
| 038 |
|
|
|a SPK
|
| 040 |
|
|
|a SNKBUCL
|b slo
|c SNKBUCL
|e AACR2
|
| 041 |
0 |
|
|a slo
|
| 044 |
|
|
|a xo
|c SK
|
| 080 |
|
|
|a 725.57
|2 1997
|
| 080 |
|
|
|a 37.01:17.021.1/.2
|2 1997
|
| 080 |
|
|
|a 17.021.1/.2
|2 1997
|
| 100 |
1 |
|
|a Fedorová, Mária,
|d 1946-
|4 aut
|9 159697
|
| 245 |
1 |
0 |
|a Výchova detí k zodpovednosti v detskom domove
|c Mária Fedorová
|
| 300 |
|
|
|b Fotogr.
|
| 650 |
0 |
7 |
|a destký domov
|2 spk
|9 1466132
|
| 650 |
0 |
7 |
|a výchova
|2 spk
|9 957
|
| 650 |
0 |
7 |
|a zodpovednosť
|2 spk
|9 305682
|
| 773 |
0 |
|
|t Vychovávateľ
|g Roč. LII, č. 3 (2005), s. 29-31
|x 0139-6919
|
| 850 |
|
|
|a Slovenská národná knižnica
|
| 852 |
|
|
|a Slovenská národná knižnica
|
| 954 |
|
|
|a odborná, vedecká literatúra pôvodná (slovenská)
|2 lita
|
| 958 |
|
|
|a article17
|
| 958 |
|
|
|a OND
|
| 958 |
|
|
|a NB
|2 spk
|
| 958 |
|
|
|a EUIPO
|
| 999 |
|
|
|c 2931749
|d 2933679
|